Catálogo

Vista normal Vista MARC

Entrada Personal Name

Número de registros utilizados en: 1

001 - CONTROL NUMBER

  • control field: 17363

003 - CONTROL NUMBER IDENTIFIER

  • control field: DLC

005 - DATE AND TIME OF LATEST TRANSACTION

  • control field: 20250724090540.0

008 - FIXED-LENGTH DATA ELEMENTS

  • fixed length control field: 800902n| azannaabn |a aaa

010 ## - LIBRARY OF CONGRESS CONTROL NUMBER

  • LC control number: n 79106096

035 ## - SYSTEM CONTROL NUMBER

  • System control number: (OCoLC)oca00338095

040 ## - CATALOGING SOURCE

  • Original cataloging agency: DLC
  • Language of cataloging: spa
  • Description conventions: rda
  • Transcribing agency: Mx-PuUPA
  • Modifying agency: DLC
  • Modifying agency: OCoLC
  • Modifying agency: DLC
  • Modifying agency: OCoLC
  • Modifying agency: UPB
  • Modifying agency: Mx-PuUPA

046 ## - SPECIAL CODED DATES

  • Birth date: 1904
  • Death date: 1980

053 #0 - LC CLASSIFICATION NUMBER

  • Classification number element--single number or beginning number of span: PQ7297.Y3

100 1# - HEADING--PERSONAL NAME

  • Personal name: Yáñez, Agustín,
  • Dates associated with a name: 1904-1980

370 ## - ASSOCIATED PLACE

  • Place of birth: Guadalajara (México)

374 ## - OCCUPATION

  • Occupation: Autor

375 ## - GENDER

  • Gender: hombre

377 ## - ASSOCIATED LANGUAGE

  • Language code: spa

400 1# - SEE FROM TRACING--PERSONAL NAME

  • Personal name: Delgadillo, Mónico,
  • Dates associated with a name: 1904-1980

670 ## - SOURCE DATA FOUND

  • Source citation: His Crónicas de la conquista de México ... 1939.

670 ## - SOURCE DATA FOUND

  • Source citation: Imágenes y evocaciones, 2003:
  • Information found: t.p. (Agustín Yáñez) front flap (b. 1904 in Guadalajara, Mexico; former governor of Jalisco, Mexico; served as director of journal Bandera de provincias; d. 1980)